000 01050nam a2200193Ia 4500
003 Ost
005 20260507075055.0
008 260507s9999||||xx |||||||||||||| ||und||
040 _cfsecg
041 _aara
082 _a340
100 _aفرج، توفيق حسن
_eمؤلف
245 0 _aالمدخل للعلوم القانونية(موجز النظرية العامة للقانون والنظرية العامة للحق) /
_c توفيق حسن فرج
260 _aالاسكندرية:
_bمؤسسة الثقافة الجامعية,
_c[دون تاريخ]
300 _a320 صفحة؛
_c24 سم
520 _aفي نظرية القانون،التعريف بالقانون وخصائصه ووضعه من القواعد الاجتماعية الأخرى ونطاقه،تقسيم القانون(أنواع القواعد القانونية)،مصادر القانون،تطبيق القانون،التعريف بالحق وأنواع الحقوق وتقسيماتها، أركان الحق
653 _aالقانون
942 _cكتاب
999 _c42728
_d42728